00522nam a2200169Ia 4500003000900000008004100009040001600050080002000066100001900086245012300105260002800228300001400256650002500270650001900295650002100314700001700335IN-BaIIA211028s9999 xx 000 0 eng d cIIA Library a537.533.13bTHO aThomson, G. P. 0aTheory and practice of electron diffractioncG. P. Thomson and W. Cochrane  aLondonbMacmillanc1939 axi, 334p. aElectron diffraction aNASA thesaurus aXray diffraction aCochrane, W.